00738nam a22002293i 4500001001900000003000400019005001700023006001900040007001500059008004100074020001800115040001400133100002100147245017700168264003900345300001100384490002000395650003100415700002000446700002200466830002000488991061498059206706OSt20251118123240.0m o d | cr#cnu||||||||250913s2025 xx o ||||0 spa d a9788411661695 cCDMRbcat1 aAbrines, Marian.10aLibro Blanco de la Comunicación Interna de DIRCI :bTodo lo Que Hay Que Saber Sobre la Disciplina y Sus Aplicaciones /cMarian Abrines, Laura Verazzi, and Jennifer Sproul 1aBarcelona :bEditorial UOC,c2025. a168 p.1 aManuales Series 0aComunicació en l'empresa1 aVerazzi, Laura.1 aSproul, Jennifer. 0aManuales Series